Bleach Sternritters - Statistiques

Statistiques générales
  • Ce quiz a été pris 437 fois
  • Le résultat moyen est 17 sur 27
Statistiques - réponses
Lettres Schrift Sternritters % Correct
B The Balance Jugram Haschwalth
95%
F The Fear Äs Nödt
91%
A The Almighty Yhwach
82%
M The Miracle Gerard Valkyrie
82%
Z The Zombie Giselle Gewelle
81%
H The Heat Bazz-B
77%
V The Visionnary Gremmy Thoumeaux
75%
A The Antithesis Uryu Ishida
73%
L The Love Pépé Waccabrada
72%
J The Jail Quilge Opie
70%
S The Superstar Mask de Masculine
70%
I The Iron Cang Du
68%
E The Explode Bambietta Basterbine
66%
D The Death Dealing Askin Nakk le Vaar
65%
X The X-Axis Lille Barro
64%
G The Glutton Liltotto Lamperd
62%
Y The Yourself Loyd Lloyd et Royd Lloyd
60%
P The Power Meninas McAllon
58%
T The Thunderbolt Candice Catnipp
55%
O The Overkill Driscoll Berci
54%
Q The Question Berenice Gabrielli
50%
C The Compulsory Pernida Parnkgjas
49%
R The Roar Jerome Guizbatt
49%
W The Wind Nianzol Weizol
46%
U The Underbelly NaNaNa Najahkoop
32%
K Inconnu BG9
27%
N Inconnu Robert Accutrone
27%
Aucun quiz correspondant
Distribution des résultats
% des personnes avec chaque résultat
Percentile par nombre de réponses
Votre historique - résultats
Vous n’avez pas pris ce quiz